Devinez le Pays Mystère #45 - Statistiques

Statistiques générales
  • Ce quiz a été pris 460 fois
  • Le résultat moyen est 11 sur 19
Statistiques - réponses
Type de Réponse Réponse % Correct
Lettre Trouvée E
99%
Lettre Trouvée A
98%
Lettre Bien Placée E
95%
Lettre Trouvée L
92%
Lettre Trouvée I
80%
Lettre Trouvée U
72%
Lettre Bien Placée I
67%
Lettre Bien Placée L
66%
Lettre Trouvée S
65%
Lettre Trouvée O
52%
Lettre Trouvée V
44%
Lettre Bien Placée A
35%
Lettre Trouvée Q
35%
Lettre Bien Placée S
35%
Lettre Bien Placée O
33%
Lettre Bien Placée Q
33%
Pays Mystère Slovaquie
33%
Lettre Bien Placée U
33%
Lettre Bien Placée V
33%
Aucun quiz correspondant
Distribution des résultats
% des personnes avec chaque résultat
Percentile par nombre de réponses
Votre historique - résultats
Vous n’avez pas pris ce quiz